000
00380nam a2200133Ia 4500
008
100328s9999 xx 000 0 und d
082
_b
49932
100
_a
कानसकर किसन
245
_a
अंधार काजवा.
260
_b
शांती
630
_a
अंधार काजवा.
730
_a
अंधार काजवा.
942
_c
BOOK
999
_c
537170
_d
537167